[Event "San Sebastian Reyes op"]
[Site "San Sebastian de los Reyes"]
[Date "2020.12.10"]
[Round "6"]
[White "Valle Fernandez De Castro, Luis"]
[Black "Penas Merino, Ramona"]
[Result "0-1"]
[WhiteElo "1159"]
[BlackElo "1443"]
[PlyCount "90"]
[EventDate "2020.12.05"]
[EventType "swiss"]
[EventRounds "9"]
[EventCountry "ESP"]
[SourceTitle "EXT 2022"]
[Source "ChessBase"]
[SourceDate "2021.10.06"]
[SourceVersion "1"]
[SourceVersionDate "2021.10.06"]
[SourceQuality "1"]

1. e4 e6 2. Nc3 d5 3. d4 Nf6 4. f3 Be7 5. Bf4 dxe4 6. Nxe4 Nxe4 7. fxe4 0-0 8. Qd2 Nc6 9. Nf3 b6 10. 0-0-0 Bb7 11. g4 Na5 12. Bd3 c5 13. Be3 cxd4 14. Nxd4 Rc8 15. Rhg1 Nc4 16. Bxc4 Rxc4 17. g5 Bxe4 18. c3 Rc8 19. h4 Bg6 20. Rh1 e5 21. h5 Be4 22. Rh4 exd4 23. Rxe4 dxe3 24. Qxd8 Bxd8 25. Rxe3 Bxg5 26. Rdd3 Bxe3+ 27. Rxe3 Rfe8 28. Rg3 Rcd8 29. Kc2 Re2+ 30. Kb3 h6 31. a3 Rdd2 32. Kc4 Rxb2 33. Rf3 Re5 34. Kd3 Rbb5 35. a4 Rbd5+ 36. Kc4 Rxh5 37. Re3 Rc5+ 38. Kb3 Ra5 39. Re8+ Kh7 40. Ra8 Rh4 41. c4 Rh1 42. Kb4 Ra1 43. c5 R5xa4+ 44. Kb5 bxc5 45. Kxc5 Rd1 0-1

[Event "Madrid-ch Previa-A"]
[Site "Madrid"]
[Date "2020.02.18"]
[Round "8"]
[White "Penas Merino, Ramona"]
[Black "Martinez Carrasco, Jesus"]
[Result "1-0"]
[WhiteElo "1422"]
[BlackElo "1534"]
[PlyCount "89"]
[EventDate "2020.02.03"]
[EventType "swiss"]
[EventRounds "9"]
[EventCountry "ESP"]
[SourceTitle "EXT 2021"]
[Source "ChessBase"]
[SourceDate "2020.10.23"]
[SourceVersion "1"]
[SourceVersionDate "2020.10.23"]
[SourceQuality "1"]

1. d4 d5 2. c4 e6 3. Nc3 Nf6 4. Bg5 Be7 5. e3 Nbd7 6. Nf3 0-0 7. Qc2 h6 8. Bh4 b6 9. cxd5 exd5 10. Bd3 c5 11. 0-0 c4 12. Be2 a6 13. Rac1 Bb7 14. b3 b5 15. bxc4 dxc4 16. Nd2 Re8 17. Bf3 Bxf3 18. Nxf3 g5 19. Bg3 Nh5 20. Be5 g4 21. Qf5 gxf3 22. Qxh5 Nxe5 23. Qxe5 fxg2 24. Kxg2 Bf6 25. Qh5 Bg7 26. Kh1 Qg5 27. Qf3 Rac8 28. Rg1 Qd8 29. Qg4 Qg5 30. Qxg5 hxg5 31. Rxg5 Kf8 32. Rcg1 Bf6 33. Rg8+ Ke7 34. Nd5+ Ke6 35. Rxe8+ Rxe8 36. Nc7+ Kd7 37. Nxe8 Kxe8 38. Rc1 Kd7 39. d5 Kd6 40. e4 c3 41. a3 a5 42. f4 Kc5 43. e5 Bd8 44. Rxc3+ Kxd5 45. Rd3+ 1-0

[Event "San Sebastian de los Reyes op U1600 2nd"]
[Site "San Sebastian de los Reyes"]
[Date "2019.10.26"]
[Round "6"]
[White "Penas Merino, Ramona"]
[Black "Martinez Paul Exposito, Ignacio Jesus"]
[Result "1/2-1/2"]
[WhiteElo "1434"]
[BlackElo "1148"]
[PlyCount "97"]
[EventDate "2019.10.12"]
[EventType "swiss"]
[EventRounds "6"]
[EventCountry "ESP"]
[SourceTitle "EXT 2024"]
[Source "ChessBase"]
[SourceDate "2023.10.10"]
[SourceVersion "1"]
[SourceVersionDate "2023.10.10"]
[SourceQuality "1"]

1. d4 d5 2. c4 e6 3. Nc3 Nf6 4. e3 Bb4 5. Bd2 Bd7 6. Nf3 c5 7. cxd5 Nxd5 8. Nxd5 Bxd2+ 9. Qxd2 exd5 10. dxc5 0-0 11. Be2 Nc6 12. 0-0 Be6 13. a3 Qa5 14. b4 Qa4 15. Nd4 Nxd4 16. Qxd4 Qc6 17. Bf3 Rfd8 18. Rfd1 Rd7 19. Rd2 b6 20. cxb6 Qxb6 21. Rc1 Qxd4 22. Rxd4 f6 23. b5 Rd6 24. a4 a6 25. Rd2 axb5 26. axb5 Rb8 27. Be2 Bd7 28. Rb2 Rdb6 29. Rcb1 Kf7 30. f3 Ke7 31. Bd3 h6 32. Kf2 Kd6 33. e4 dxe4 34. Bxe4 Rxb5 35. Rxb5 Rxb5 36. Rxb5 Bxb5 37. f4 Be8 38. Kg3 Ke6 39. Kg4 h5+ 40. Kh4 f5 41. Bf3 g6 42. h3 Kf6 43. g4 hxg4 44. hxg4 fxg4 45. Bxg4 Bf7 46. Bf3 Be6 47. Be4 Bf5 48. Bd5 Bd3 49. Bf3 1/2-1/2

[Event "San Sebastian de los Reyes op U2200 2nd"]
[Site "San Sebastian de los Reyes"]
[Date "2019.05.19"]
[Round "4"]
[White "Penas Merino, Ramona"]
[Black "Luque Sanz, Victor"]
[Result "1-0"]
[WhiteElo "1433"]
[BlackElo "1172"]
[PlyCount "45"]
[EventDate "2019.05.11"]
[EventType "swiss"]
[EventRounds "6"]
[EventCountry "ESP"]
[SourceTitle "EXT 2024"]
[Source "ChessBase"]
[SourceDate "2023.10.10"]
[SourceVersion "1"]
[SourceVersionDate "2023.10.10"]
[SourceQuality "1"]

1. d4 d5 2. Nf3 Nc6 3. e3 Nf6 4. Bd3 Bg4 5. a3 Ne4 6. 0-0 e6 7. c4 Qe7 8. Qb3 0-0-0 9. Nfd2 f5 10. f3 Nxd2 11. Bxd2 Bh5 12. Nc3 Qd6 13. cxd5 exd5 14. Bxf5+ Kb8 15. Rac1 Na5 16. Qc2 Nc4 17. Bd3 Qc6 18. Bxc4 Qxc4 19. Na4 Qxc2 20. Rxc2 Bd6 21. Rfc1 c6 22. Nc5 Rhf8 23. Ne6 1-0

[Event "Collado Villalba op-B 35th"]
[Site "Collado Villalba"]
[Date "2018.08.26"]
[Round "3"]
[White "Ruiz Grau, David"]
[Black "Penas Merino, Ramona"]
[Result "0-1"]
[WhiteElo "1277"]
[BlackElo "1440"]
[PlyCount "96"]
[EventDate "2018.08.24"]
[EventType "swiss"]
[EventRounds "9"]
[EventCountry "ESP"]
[SourceTitle "CBM 186 Extra"]
[Source "ChessBase"]
[SourceDate "2018.08.24"]
[SourceVersion "1"]
[SourceVersionDate "2018.08.24"]
[SourceQuality "1"]

1. d4 d5 2. Bf4 e6 3. e3 Bd6 4. Bg3 Nf6 5. Nd2 0-0 6. c4 Re8 7. c5 Bxg3 8. hxg3 Nbd7 9. Bd3 g6 10. f4 c6 11. g4 Nf8 12. Nh3 e5 13. Be2 exf4 14. Nxf4 Rxe3 15. Nf1 Re8 16. Kd2 b6 17. b4 bxc5 18. dxc5 Ne4+ 19. Ke1 Nc3 20. Qc2 Nxe2 21. Nxe2 Bxg4 22. Nfg3 Qc7 23. Qd3 Qe5 24. Kf2 Qf6+ 25. Kg1 Qxa1+ 26. Kh2 Qe5 27. Nd4 Rac8 28. Nf3 Bxf3 29. Qxf3 Qe3 30. Qf1 Ne6 31. Qf6 Qh6+ 32. Kg1 Qg7 33. Qh4 Nd4 34. a4 Re1+ 35. Nf1 Rce8 36. b5 cxb5 37. axb5 Nxb5 38. c6 R1e5 39. g4 Re4 40. Qg5 Qd4+ 41. Kg2 Rxg4+ 42. Qxg4 Qxg4+ 43. Ng3 f5 44. c7 Nxc7 45. Rf1 f4 46. Kh1 Qxg3 47. Rf2 Re1+ 48. Rf1 Rxf1# 0-1

[Event "Collado Villalba op-B 35th"]
[Site "Collado Villalba"]
[Date "2018.08.25"]
[Round "2"]
[White "Penas Merino, Ramona"]
[Black "Fernandez Martinez, Luis"]
[Result "0-1"]
[WhiteElo "1440"]
[BlackElo "1566"]
[PlyCount "74"]
[EventDate "2018.08.24"]
[EventType "swiss"]
[EventRounds "9"]
[EventCountry "ESP"]
[SourceTitle "CBM 186 Extra"]
[Source "ChessBase"]
[SourceDate "2018.08.24"]
[SourceVersion "1"]
[SourceVersionDate "2018.08.24"]
[SourceQuality "1"]

1. d4 e6 2. Nf3 d5 3. e3 f5 4. Nbd2 Nf6 5. Ne5 Bd6 6. Ndf3 h6 7. b3 g5 8. Bb2 Nbd7 9. c4 c6 10. c5 Bc7 11. b4 g4 12. Nxd7 Qxd7 13. Nd2 Qg7 14. Qc2 0-0 15. 0-0-0 Bd7 16. Be2 Be8 17. f3 Bg6 18. Rdg1 g3 19. hxg3 Bxg3 20. Qc3 h5 21. f4 Ng4 22. Bxg4 fxg4 23. Rf1 Qf6 24. a4 a6 25. Nb3 Qf5 26. Kd2 Qe4 27. Kc1 h4 28. Rhg1 Rf7 29. Nd2 Qf5 30. Nb3 Rb8 31. Na5 Qe4 32. Qb3 Bf2 33. Kd2 Bxg1 34. Rxg1 Bf5 35. Rh1 h3 36. gxh3 gxh3 37. Ke2 Bg4+ 0-1

[Event "Collado Villalba op-B 32nd"]
[Site "Collado Villalba"]
[Date "2015.08.29"]
[Round "8"]
[White "Penas Merino, Ramona"]
[Black "Buergo Villanueva, Fernando"]
[Result "0-1"]
[WhiteElo "1436"]
[BlackElo "1308"]
[PlyCount "94"]
[EventDate "2015.08.22"]
[EventType "swiss"]
[EventRounds "9"]
[EventCountry "ESP"]
[SourceTitle "EXT 2016"]
[Source "ChessBase"]
[SourceDate "2015.10.08"]
[SourceVersion "1"]
[SourceVersionDate "2015.10.08"]
[SourceQuality "1"]

1. d4 d5 2. c4 c6 3. e3 e6 4. Nf3 Nd7 5. Nc3 Bb4 6. a3 Ba5 7. Bd2 Bc7 8. cxd5 cxd5 9. Bd3 Ngf6 10. Nb5 Bb8 11. Bb4 h6 12. 0-0 a6 13. Nd6+ Bxd6 14. Bxd6 Ne4 15. Bxe4 dxe4 16. Ne5 Nxe5 17. Bxe5 0-0 18. Qc2 f6 19. Bc7 Qd5 20. Rac1 a5 21. Qd2 Ra6 22. Rc5 Qd7 23. Rfc1 Rc6 24. Rxc6 bxc6 25. Bxa5 e5 26. Qc3 Bb7 27. dxe5 Qe6 28. exf6 Qxf6 29. Qxf6 Rxf6 30. g3 Rf5 31. Bc3 h5 32. a4 c5 33. Ra1 g5 34. a5 Ba6 35. Rd1 Bd3 36. b4 cxb4 37. Bxb4 Rb5 38. Be1 Rc5 39. Ra1 Ba6 40. Bb4 Rb5 41. Be7 Kf7 42. Bd8 Ke8 43. Bb6 Kd7 44. Rc1 Kd6 45. Rc7 Rb1+ 46. Kg2 Bf1+ 47. Kg1 Bh3+ 0-1

[Event "Collado Villalba op-B 32nd"]
[Site "Collado Villalba"]
[Date "2015.08.28"]
[Round "7"]
[White "Martinez Martinez, Manuel II"]
[Black "Penas Merino, Ramona"]
[Result "1-0"]
[WhiteElo "1678"]
[BlackElo "1436"]
[PlyCount "93"]
[EventDate "2015.08.22"]
[EventType "swiss"]
[EventRounds "9"]
[EventCountry "ESP"]
[SourceTitle "EXT 2016"]
[Source "ChessBase"]
[SourceDate "2015.10.08"]
[SourceVersion "1"]
[SourceVersionDate "2015.10.08"]
[SourceQuality "1"]

1. d4 d5 2. c4 e6 3. e3 Nf6 4. Nf3 c6 5. Nbd2 Nbd7 6. Bd3 dxc4 7. Nxc4 b5 8. Nce5 Bb7 9. 0-0 a6 10. a3 c5 11. Nxd7 Nxd7 12. dxc5 Bxc5 13. b4 Be7 14. Bb2 0-0 15. Rc1 Rc8 16. Be2 Bf6 17. Qb3 Bxb2 18. Qxb2 Qf6 19. Qxf6 Nxf6 20. Ne5 Bd5 21. Bf3 Bxf3 22. Nxf3 Nd7 23. Nd4 Rxc1 24. Rxc1 Nb6 25. Rc6 Rc8 26. Rxc8+ Nxc8 27. Nc6 Nb6 28. Nb8 Nc4 29. Nxa6 Nxa3 30. Kf1 Kf8 31. Ke2 Ke7 32. Kd3 Kd6 33. Nc5 Kd5 34. e4+ Kd6 35. f4 e5 36. g3 f6 37. f5 g6 38. g4 g5 39. Nb7+ Ke7 40. Na5 Kd6 41. Kc3 Nb1+ 42. Kc2 Na3+ 43. Kb2 Nc4+ 44. Nxc4+ bxc4 45. Kc3 Kc6 46. Kxc4 h6 47. h3 1-0

[Event "Collado Villalba op-B 32nd"]
[Site "Collado Villalba"]
[Date "2015.08.25"]
[Round "4"]
[White "Fernandez Estremera, Fernando"]
[Black "Penas Merino, Ramona"]
[Result "0-1"]
[WhiteElo "1672"]
[BlackElo "1436"]
[PlyCount "91"]
[EventDate "2015.08.22"]
[EventType "swiss"]
[EventRounds "9"]
[EventCountry "ESP"]
[SourceTitle "EXT 2016"]
[Source "ChessBase"]
[SourceDate "2015.10.08"]
[SourceVersion "1"]
[SourceVersionDate "2015.10.08"]
[SourceQuality "1"]

1. d4 d5 2. c4 e6 3. Nc3 Nf6 4. cxd5 exd5 5. Bg5 Be7 6. e3 c6 7. Bd3 Be6 8. Qc2 Nbd7 9. Nge2 0-0 10. f3 Re8 11. 0-0-0 a6 12. g4 b5 13. Rdg1 c5 14. Kb1 Rc8 15. Qd2 cxd4 16. exd4 Nb6 17. Bf4 Nc4 18. Bxc4 dxc4 19. h4 Nd5 20. h5 b4 21. Ne4 Nxf4 22. Nxf4 c3 23. bxc3 bxc3 24. Nxc3 Rb8+ 25. Ka1 Ba3 26. Rb1 Qc8 27. Rxb8 Qxb8 28. Rb1 Qa8 29. Nxe6 Rxe6 30. Ne4 Re8 31. Qc3 Bf8 32. Qb2 Qd5 33. Re1 Rd8 34. Rd1 Qa8 35. Qc3 a5 36. Qc4 Rc8 37. Qd3 Qd5 38. Nc3 Qc6 39. Ne4 f6 40. d5 Qd7 41. g5 fxg5 42. Nxg5 g6 43. hxg6 Qg7+ 44. Qd4 Qxg6 45. Rg1 Bg7 46. Qxg7+ 0-1

[Event "Madrid-ch Previa-B"]
[Site "Madrid"]
[Date "2013.02.23"]
[Round "9"]
[White "Cortijo Manso, Luis"]
[Black "Penas Merino, Ramona"]
[Result "1-0"]
[WhiteElo "1526"]
[BlackElo "1684"]
[PlyCount "61"]
[EventDate "2013.02.01"]
[EventType "swiss"]
[EventRounds "9"]
[EventCountry "ESP"]
[SourceTitle "CBM 152 Extra"]
[Source "ChessBase"]
[SourceDate "2013.02.25"]
[SourceVersion "1"]
[SourceVersionDate "2013.02.25"]
[SourceQuality "1"]

1. d4 d5 2. Nf3 e6 3. g3 c6 4. Bg2 Bd6 5. 0-0 f5 6. b3 Nf6 7. Ba3 0-0 8. Bxd6 Qxd6 9. c4 Ne4 10. Ne5 Nd7 11. c5 Qe7 12. Nd3 e5 13. f3 Nef6 14. b4 e4 15. fxe4 fxe4 16. Nf4 Ng4 17. Qb3 Ndf6 18. h3 Nh6 19. Nc3 g5 20. Nfxd5 cxd5 21. Nxd5 Nxd5 22. Qxd5+ Be6 23. Rxf8+ Rxf8 24. Qxe4 Rf7 25. d5 Bf5 26. Qxe7 Rxe7 27. e4 Bxe4 28. Re1 Rd7 29. Bxe4 Nf7 30. d6 h6 31. Bf5 1-0